Statistics for Stations of Keisei Electric Railway, Tokyo, Japan

Click here to take the quiz!

General Stats

  • This quiz has been taken 419 times
  • The average score is 56 of 75

Answer Stats

LineStation No.Answer% Correct
Main LineKS01Keisei Ueno
100%
KS40Keisei Narita
95%
KS59Keisei Chiba
94%
KS22Keisei Funabashi
93%
Oshiage LineKS45Oshiage
93%
KS09Aoto
92%
KS09Aoto
92%
KS02Nippori
91%
KS42Narita Airport Terminal 1
90%
Higashi-Narita LineKS44Higashi-Narita
89%
KS42Narita Airport Terminal 1
89%
Narita Sky Access LineKS10Keisei Takasago
88%
Kanamachi LineKS10Keisei Takasago
88%
KS10Keisei Takasago
88%
KS51Keisei Kanamachi
87%
KS35Keisei Sakura
86%
KS41Narita Airport Terminal 2·3
86%
KS26Keisei Tsudanuma
85%
Chiba LineKS26Keisei Tsudanuma
85%
KS41Narita Airport Terminal 2·3
85%
KS04Machiya
82%
KS05Senjuohashi
82%
KS16Keisei Yawata
81%
KS65Chiharadai
79%
KS20Keisei Nishifuna
78%
KS12Edogawa
77%
KS11Keisei Koiwa
77%
KS03Shim-Mikawashima
77%
KS46Keisei Hikifune
76%
KS53Keisei Makuhari
75%
KS34Keisei Usui
75%
KS43Narita Yukawa
75%
KS52Keisei Makuharihongo
74%
KS37Keisei Shisui
74%
KS36Osakura
74%
HS12Chiba New Town Chuo
73%
KS24Funabashikeibajo
73%
KS31Katsutadai
73%
KS18Keisei Nakayama
73%
KS14Ichikawamama
72%
KS06Keisei Sekiya
72%
KS54Kemigawa
72%
HS08Shin-Kamagaya
72%
Chihara LineKS60Chiba-Chuo
71%
KS19Higashi Nakayama
71%
HS14Inba-Nihon-Idai
71%
KS38Sogosando
71%
KS29Yachiyodai
70%
KS47Yahiro
70%
HS05Higashi-Matsudo
69%
KS55Keisei Inage
69%
KS49Keisei Tateishi
69%
KS08Ohanajaya
69%
KS50Shibamata
69%
KS58Shin Chiba
69%
KS07Horikirishobuen
68%
KS27Keisei Okubo
68%
KS33Yukarigaoka
68%
KS48Yotsugi
66%
KS21Kaijin
65%
KS30Keisei Owada
65%
KS39Kozunomori
65%
KS28Mimomi
65%
KS25Yatsu
65%
KS61Chibadera
64%
KS57Nishi Nobuto
64%
KS32Shizu
64%
KS23Daijingushita
62%
KS56Midoridai
61%
KS64Oyumino
61%
KS15Sugano
59%
KS13Konodai
58%
KS63Gakuenmae
57%
KS17Onigoe
56%
KS62Omoridai
55%

Score Distribution

Percentile by Number Answered

Percent of People with Each Score

Your Score History

You have not taken this quiz